000 00207 a2200097 4500
001 47455
100 _aCharles M
245 _aBerlin blockade
260 _aLondon
_bAllen Wingate
_c
090 _c30481
_d30481
942 _aNUST-CAE
_cM
_c22760
999 _c282528
_d282528